[Event "AUTO-OPEN-2353"]
[Site "http://www.queenalice.com/game.php?id=987566"]
[Date "2011.9.20"]
[Round "2"]
[White "Clovisto"]
[Black "power2010"]
[Result "0-1"]
[WhiteElo "1824"]
[BlackElo "2153"]

1. d4 Nc6 2. d5 Ne5 3. Qd4 Ng6 4. Nc3 e5 5. Qa4 Bc5 6. h3 Nf6 7. Bg5 O-O 8. e3
Be7 9. h4 d6 10. h5 Nh8 11. Qh4 h6 12. Bxf6 Bxf6 13. Qg3 Be7 14. Bd3 f5 15. f4
Bf6 16. fxe5 Bxe5 17. Qf2 f4 18. e4 Bg4 19. Nf3 Bxc3+ 20. bxc3 Qf6 21. Qd2 Nf7
22. Rh4 Ne5 23. Rxg4 Nxg4 24. O-O-O a6 25. Nd4 Ne3 26. Rg1 b5 27. Ne6 Rf7 28. g3
c5 29. gxf4 c4 30. Qxe3 cxd3 31. Qxd3 Rc8 32. Kd2 Rc4 33. Rg6 Qh4 34. Qe2 Qh3
0-1

[Event "AUTO-OPEN-2354"]
[Site "http://www.queenalice.com/game.php?id=996906"]
[Date "2011.10.13"]
[Round "2"]
[White "shmurtz91"]
[Black "power2010"]
[Result "0-1"]
[WhiteElo "2013"]
[BlackElo "2158"]

1. Nf3 Nc6 2. d4 d5 3. e3 Bf5 4. c3 e6 5. Bb5 Ne7 6. Ne5 a6 7. Nxc6 Nxc6 8.
Bxc6+ bxc6 9. Nd2 Qg5 10. O-O Bd6 11. f4 Qg6 12. Nf3 Bc2 13. Qe1 h5 14. Qf2 Ba4
15. Nh4 Qd3 16. f5 e5 17. Qg3 Bb5 18. Rf2 Qd1+ 0-1

[Event "AUTO-OPEN-2354"]
[Site "http://www.queenalice.com/game.php?id=996907"]
[Date "2011.10.13"]
[Round "2"]
[White "power2010"]
[Black "shmurtz91"]
[Result "1-0"]
[WhiteElo "2171"]
[BlackElo "2014"]

1. Nf3 d5 2. g3 Nf6 3. Bg2 Nc6 4. O-O e5 5. d3 Bc5 6. c3 Bf5 7. b4 Bd6 8. Bb2
O-O 9. a3 Ne7 10. c4 c6 11. Nxe5 Ng6 12. Nxg6 Bxg6 13. Nd2 Re8 14. cxd5 cxd5 15.
Nf3 h6 16. Qd2 Nd7 17. Nh4 Nf8 18. Nxg6 Nxg6 19. e3 Be5 20. d4 Bf6 21. Rfc1 Be7
22. Qd3 Bf8 23. Qb5 Qg5 24. Qxd5 1-0

[Event "AUTO-OPEN-2354"]
[Site "http://www.queenalice.com/game.php?id=996910"]
[Date "2011.10.13"]
[Round "2"]
[White "KobeB"]
[Black "power2010"]
[Result "0-1"]
[WhiteElo "1892"]
[BlackElo "2178"]

1. e4 Nc6 2. Nf3 e5 3. Bb5 Nd4 4. Nxd4 exd4 5. O-O c6 6. Be2 d6 7. c3 Nf6 8. d3
c5 9. Bg5 h6 10. Bxf6 Qxf6 11. f4 Be7 12. Bg4 O-O 13. Bxc8 Raxc8 14. Qe2 Rfe8
15. e5 dxe5 16. fxe5 Qe6 17. cxd4 cxd4 18. Nd2 Bg5 19. Nf3 Be3+ 20. Kh1 Rc6 21.
b3 Rec8 22. Qb2 Rc2 23. Qa3 Rxg2 24. Kxg2 Rc2+ 25. Kh1 Qh3 0-1

[Event "AUTO-OPEN-2354"]
[Site "http://www.queenalice.com/game.php?id=996911"]
[Date "2011.10.13"]
[Round "2"]
[White "power2010"]
[Black "KobeB"]
[Result "1-0"]
[WhiteElo "2181"]
[BlackElo "1887"]

1. Nf3 Nf6 2. g3 g6 3. Bg2 Bg7 4. O-O O-O 5. d3 d6 6. e4 c5 7. Nbd2 Nc6 8. c3
Rb8 9. Re1 b5 10. d4 cxd4 11. cxd4 Qb6 12. Nb3 Bg4 13. h3 Bxf3 14. Bxf3 a5 15.
d5 Ne5 16. Be3 Nxf3+ 17. Qxf3 Qa6 18. Nd4 Nd7 19. Nc6 Rb7 20. Qe2 Nc5 21. f3 Qa8
22. Rac1 Qc8 23. Kg2 e6 24. Bxc5 dxc5 25. Rxc5 Kh8 26. Rxb5 1-0

[Event "AUTO-OPEN-2623"]
[Site "http://www.queenalice.com/game.php?id=1034855"]
[Date "2012.3.1"]
[Round "1"]
[White "Nacional_kid"]
[Black "power2010"]
[Result "0-1"]
[WhiteElo "1856"]
[BlackElo "2178"]

1. e4 Nc6 2. d4 e5 3. d5 Nce7 4. c4 Ng6 5. g3 Nf6 6. h4 Nxe4 7. Bd3 Bb4+ 8. Bd2
Nxd2 9. Nxd2 O-O 10. a3 Bxd2+ 11. Qxd2 e4 12. Bxe4 Re8 13. f3 f5 14. h5 Nf8 15.
h6 fxe4 16. hxg7 exf3+ 17. Kd1 Kxg7 18. Nxf3 Qf6 19. Rf1 d6 20. Nh2 Qg6 21. g4
Bxg4+ 22. Nxg4 Qxg4+ 23. Kc2 Re2 24. Rg1 Rxd2+ 25. Kxd2 Qxg1 26. Rxg1+ Ng6 27.
b4 Re8 28. Rg4 h5 29. Rg2 h4 30. Kd3 Kh6 31. c5 Nf4+ 0-1

[Event "AUTO-OPEN-2623"]
[Site "http://www.queenalice.com/game.php?id=1034856"]
[Date "2012.3.1"]
[Round "1"]
[White "power2010"]
[Black "Nacional_kid"]
[Result "1-0"]
[WhiteElo "2180"]
[BlackElo "1800"]

1. Nf3 d5 2. g3 Bf5 3. Bg2 h5 4. d3 f6 5. c4 dxc4 6. Qa4+ c6 7. Qxc4 e5 8. Nh4
Bh7 9. Nc3 Ne7 10. Qb3 g5 11. Nf3 Bg8 12. Qc2 Nd5 13. a3 Nxc3 14. bxc3 a5 15. a4
Ra6 16. Rb1 b6 17. d4 exd4 18. Nxd4 c5 19. Nc6 Nxc6 20. Bxc6+ Kf7 21. O-O Kg7
22. Rd1 Qc7 23. Rd7+ Qxd7 24. Bxd7 Bh7 25. Bf5 Ra8 26. Rxb6 Bg8 27. Qe4 Ra7 28.
Rb7+ Rxb7 29. Qxb7+ Kh6 30. h4 Bc4 31. hxg5+ fxg5 32. Qc6+ 1-0

[Event "AUTO-OPEN-2623"]
[Site "http://www.queenalice.com/game.php?id=1034875"]
[Date "2012.3.1"]
[Round "1"]
[White "retkat"]
[Black "power2010"]
[Result "1-0"]
[WhiteElo "2316"]
[BlackElo "2186"]

1. e4 Nc6 2. Nf3 e5 3. d4 exd4 4. Nxd4 Bc5 5. Be3 Qf6 6. c3 Nge7 7. Be2 a6 8.
O-O d6 9. Nxc6 Nxc6 10. Bxc5 dxc5 11. Nd2 Be6 12. Qa4 O-O 13. Nb3 1-0

[Event "AUTO-OPEN-2623"]
[Site "http://www.queenalice.com/game.php?id=1034876"]
[Date "2012.3.1"]
[Round "1"]
[White "power2010"]
[Black "retkat"]
[Result "1-0"]
[WhiteElo "2181"]
[BlackElo "2288"]

1. Nf3 Nf6 2. g3 g6 3. Bg2 Bg7 4. O-O O-O 5. d3 c5 6. e4 d6 7. Nbd2 Nc6 8. Re1
Ng4 9. h3 Nge5 10. Kh2 Bd7 11. Nxe5 Nxe5 12. f4 Nc6 13. Nf3 Qc7 14. c3 b5 15. d4
b4 16. e5 bxc3 17. bxc3 Rab8 18. Qe2 cxd4 19. cxd4 Rfc8 20. Be3 Nb4 21. Rec1 Qa5
22. a3 Rxc1 23. Bxc1 Nd5 24. Bd2 Qa4 25. Qd1 Qb5 26. a4 Qb2 27. Qc1 Bf5 28. Qxb2
Rxb2 29. Re1 dxe5 30. Bc1 Ra2 31. dxe5 Rxa4 32. Nh4 Be6 33. Rd1 1-0

[Event "AUTO-MASTER-1723"]
[Site "http://www.queenalice.com/game.php?id=1098135"]
[Date "2012.8.31"]
[Round "1"]
[White "dorjon"]
[Black "power2010"]
[Result "1-0"]
[WhiteElo "2221"]
[BlackElo "2196"]

1. c4 Nc6 2. Nc3 e5 3. d3 f5 4. Nf3 Nf6 5. g3 Be7 6. Bg2 O-O 7. O-O Kh8 8. Bg5
Ng8 9. Bxe7 Ngxe7 10. e3 d6 11. Rc1 Be6 12. Qe2 d5 13. Ng5 Bg8 14. cxd5 Nb4 15.
Ne6 Bxe6 16. dxe6 Qxd3 17. Rfd1 Qxe2 18. Nxe2 Nbc6 19. Rd7 Rac8 20. e4 f4 21. f3
Ng6 22. Kf2 Rfd8 23. Rcd1 Rxd7 24. exd7 Rd8 25. gxf4 exf4 26. Bh3 Kg8 27. Bf5
Nce7 28. Bh3 Nc6 29. Nc3 1-0

[Event "AUTO-MASTER-1723"]
[Site "http://www.queenalice.com/game.php?id=1098136"]
[Date "2012.8.31"]
[Round "1"]
[White "power2010"]
[Black "dorjon"]
[Result "0-1"]
[WhiteElo "2185"]
[BlackElo "2232"]

1. Nf3 d6 2. g3 Nf6 3. Bg2 e5 4. d3 c6 5. O-O Bg4 6. h3 Be6 7. e4 Be7 8. Qe2 h6
9. b3 a5 10. a4 O-O 11. Be3 Nbd7 12. Na3 d5 13. Bc1 dxe4 14. dxe4 Qc7 15. Bb2
Rfd8 16. Rad1 Re8 17. Nc4 Bxc4 18. Qxc4 Bb4 19. Nh4 Rad8 20. Nf5 Bf8 21. Qe2 b5
22. axb5 cxb5 23. Ne3 Qc5 24. Ra1 Qb6 0-1

[Event "AUTO-MASTER-1723"]
[Site "http://www.queenalice.com/game.php?id=1098147"]
[Date "2012.8.31"]
[Round "1"]
[White "denisan"]
[Black "power2010"]
[Result "1-0"]
[WhiteElo "2341"]
[BlackElo "2059"]

1. Nc3 Nc6 2. e4 e5 3. Nf3 Nf6 4. Bb5 Bb4 5. O-O O-O 6. Re1 d6 7. Nd5 Nxd5 8.
exd5 Ne7 9. c3 Bc5 10. Bc4 Bg4 11. h3 Bxf3 12. Qxf3 f5 13. d4 e4 14. Qe2 Bb6 15.
f3 c5 16. dxc6+ d5 17. cxb7 Rb8 18. Bb3 1-0

[Event "AUTO-MASTER-1723"]
[Site "http://www.queenalice.com/game.php?id=1098148"]
[Date "2012.8.31"]
[Round "1"]
[White "power2010"]
[Black "denisan"]
[Result "0-1"]
[WhiteElo "2054"]
[BlackElo "2345"]

1. Nf3 Nf6 2. g3 c5 3. Bg2 Nc6 4. O-O e5 5. d3 d5 6. c4 d4 7. Na3 Bd6 8. Nc2 h6
9. Rb1 O-O 10. Bd2 Re8 11. b4 e4 12. Nfe1 b6 13. b5 Ne5 14. dxe4 Bb7 15. f4 Nxc4
16. e5 Bxg2 17. Nxg2 Ne4 0-1

[Event "AUTO-MASTER-1723"]
[Site "http://www.queenalice.com/game.php?id=1098155"]
[Date "2012.8.31"]
[Round "1"]
[White "power2010"]
[Black "kronsteen"]
[Result "0-1"]
[WhiteElo "2166"]
[BlackElo "2313"]

1. Nf3 d5 2. g3 Nf6 3. Bg2 c6 4. O-O Bg4 5. h3 Bh5 6. d3 Nbd7 7. Nbd2 e5 8. Nh4
Bc5 9. c3 a5 10. Qe1 O-O 11. e4 Re8 12. a4 Nf8 13. Nb3 Bb6 14. Be3 Ne6 15. Qd2
d4 16. cxd4 exd4 17. Bg5 Nxg5 18. Qxg5 h6 19. Qd2 Nd7 20. f4 Nb8 21. Qf2 Na6 22.
g4 Bg6 23. f5 Bh7 24. Nf3 Nb4 0-1

[Event "AUTO-MASTER-1723"]
[Site "http://www.queenalice.com/game.php?id=1098156"]
[Date "2012.8.31"]
[Round "1"]
[White "kronsteen"]
[Black "power2010"]
[Result "1-0"]
[WhiteElo "2305"]
[BlackElo "2174"]

1. d4 Nc6 2. Nf3 d5 3. c4 e6 4. Nc3 Bb4 5. e3 Nf6 6. Bd3 O-O 7. O-O dxc4 8. Bxc4
Bd6 9. Bb5 e5 10. Bxc6 exd4 11. exd4 bxc6 12. Bg5 h6 13. Bh4 g5 14. Nxg5 hxg5
15. Bxg5 Be7 16. Qf3 Ne8 17. Bxe7 Qxe7 18. Qxc6 Rb8 19. Rfe1 Rb6 20. Qf3 Qg5 21.
Re5 Qg4 22. Qxg4+ Bxg4 23. Nd5 f6 24. Re4 f5 25. Rxg4+ 1-0